000 00687cam a2200205 a 4500
001 000007795
005 20200929154312.0
008 811123s1968 sp 000 0 spa
040 _aDO-SdBNP
_bspa
_cBNPHU
082 _a863.44
_bV864a
100 1 _aVizcaíno, José Antonio.
_94155
245 1 0 _aAños de amor y violencia /
_cJosé Antonio Vizcaíno.
260 _aMadrid :
_bCatacumba de Gambrinus,
_c1968.
300 _a247 p. ;
_c21 cm.
490 1 _aIntermitente de la Catacumba de Gambrinus
490 1 _aHermanos Baroja
650 4 _aNovela española
_91123
650 4 _aLiteratura española
_9632
830 0 _aIntermitente de la Catacumba de Gambrinus ;
_pHermanos Baroja
_921504
999 _c7573
_d7573